Текст томруулах:    
Personal Finance (Бичлэгийн дугаар. 146063)
000 -УДИРДЛАГА
Удирдлага 01644nam a22005057a 4500
003 - ХЯНАЛТЫН ТОО ТОДОРХОЙЛОГЧ
Код MN-UlNUM
005 - БИЧИЛТ ХИЙСЭН ОГНОО
Тухайн бичилтийг бичсэн засварласан сүүлийн огноо 20260103145401.0
008 - ЕРӨНХИЙ МЭДЭЭЛЭЛ
Ерөнхий мэдээлэл 140219s2005 cau a 001 0 eng
020 ## - ISBN
ISBN 0078687195
040 ## - БИЧЛЭГ ҮҮСГЭГЧ БАЙГУУЛЛАГА
Бичлэг үүсгэгч номын сангийн код МУИС-ийн номын сан
084 ## - ББК АНГИЛАЛ
Нэмэлт тусгалт Сурах бичиг
Зохиогчийн гурван тэмдэгт K 20
ББК ангилал 65.261
Мэдлэгийн ялгаа 65 - Эдийн засаг
100 1# - ЗОХИОГЧ
Зохиогчийн нэр Kapoor, Jack R.
245 1# - ҮНДСЭН ГАРЧИГ
Номын нэр Personal Finance
Оролцогчдын тухай мэдээ Jack R. Kapoor, Les R. Dlabay, Robert J. Hughes.
246 14 - ЗЭРЭГЦЭЭ ГАРЧИГ
Зэрэгцээ гарчиг Glencoe Personal finance
250 ## - ДАХИН ХЭВЛЭЛТ
Дахин гаралтын дугаар Student ed.
260 ## - ГАРАЛТЫН МЭДЭЭ
Хэвлэгдсэн газар Woodland Hills, Calif.
Хэвлэлийн газар McGraw Hill/Glencoe
Хэвлэгдсэн он 2005
300 ## - МАТЕРИАЛЫН ТОДОРХОЙЛОЛТ
хуудасны тоо xiv, 578 p.
Хэмжээ 29 cm
Бусад тоон мэдээлэл ill.
500 ## - Тайлбар
Дансны дугаар БС 5989-5990
546 ## - ХЭЛНИЙ ТУХАЙ МЭДЭЭ
Хэл Англи хэл дээр,
653 ## - Түлхүүр үг
Түлхүүр үг finance
653 ## - Түлхүүр үг
Түлхүүр үг personal finance
700 1# - ХАМ ЗОХИОГЧИД
Ба бус Dlabay, Les R.
700 1# - ХАМ ЗОХИОГЧИД
Ба бус Hughes, Robert J.
Fuller form of name (Robert James)
740 ## - НОМЫН ГАРЧИГ
Гарчиг Unit 1 Planning Personal Finances
740 ## - НОМЫН ГАРЧИГ
Гарчиг Personal Financial Planning
740 ## - НОМЫН ГАРЧИГ
Гарчиг Finances and Career Planning
740 ## - НОМЫН ГАРЧИГ
Гарчиг Money Management Strategy
740 ## - НОМЫН ГАРЧИГ
Гарчиг Consumer Purchasing Strategies and Legal Protection
740 ## - НОМЫН ГАРЧИГ
Гарчиг Unit 2 Banking and Credit
740 ## - НОМЫН ГАРЧИГ
Гарчиг Banking
740 ## - НОМЫН ГАРЧИГ
Гарчиг Consumer Credit
740 ## - НОМЫН ГАРЧИГ
Гарчиг The Finances of Housing
740 ## - НОМЫН ГАРЧИГ
Гарчиг Unit 3 Investing Your Financial Resources
740 ## - НОМЫН ГАРЧИГ
Гарчиг The Fundamentals of Investing
740 ## - НОМЫН ГАРЧИГ
Гарчиг Stocks
740 ## - НОМЫН ГАРЧИГ
Гарчиг Bonds and Mutual Funds
740 ## - НОМЫН ГАРЧИГ
Гарчиг Real Estate and Other Investments Alternatives
740 ## - НОМЫН ГАРЧИГ
Гарчиг Unit 4 Protecting Your Finances
740 ## - НОМЫН ГАРЧИГ
Гарчиг Planning Your Tax Strategy
740 ## - НОМЫН ГАРЧИГ
Гарчиг Home and Motor Vehicle Insurance
740 ## - НОМЫН ГАРЧИГ
Гарчиг Health, Disability, and Life Insurance
740 ## - НОМЫН ГАРЧИГ
Гарчиг Retirement and Estate Planning
942 ## - ЭЛЕМЕНТИЙН ТӨРӨЛ
Зүйлийн төрөл Ном